مكتبة جامعة عجلون الوطنية

فهرس بحث المكتبة

Normal view MARC view
  • اعداد وتحقيق خريسات، محمد ىعبد القادر ، اعداد وتحقيق الداوود، جورج طريف

Entry Personal Name

Number of records used in: 1

001 - CONTROL NUMBER

  • control field: 21515

003 - CONTROL NUMBER IDENTIFIER

  • control field: JO-AjAnu

005 - DATE AND TIME OF LATEST TRANSACTION

  • control field: 20230606073727.0

008 - FIXED-LENGTH DATA ELEMENTS

  • fixed length control field: 230606|| aca||aabn | a|a d

040 ## - CATALOGING SOURCE

  • Original cataloging agency: JO-AjAnu
  • Transcribing agency: JO-AjAnu

100 ## - HEADING--PERSONAL NAME

  • Personal name: اعداد وتحقيق خريسات، محمد ىعبد القادر ، اعداد وتحقيق الداوود، جورج طريف

670 ## - SOURCE DATA FOUND

  • Source citation: Work cat.: (JO-AjAnu)11054: اعداد وتحقيق خريسات، محمد ىعبد القادر ، اعداد وتحقيق الداوود، جورج طريف, author, سجل الإعلامات الصادرة من حاكم الحقوق المنفرد بدمشق سجل الكرك 12 اذار 1919-13 كانون اول 1919